Fazuľky, zámky a kvapky

Úspech start-upu NanoDesign na Fakulte elektrotechniky a informatiky STU v Bratislave. Variometer v tvare fazuľky. Neúspešná crowdfundingová kampaň na FitLock. Nový produkt - variometer v tvare kvapky. Monitorovanie pohybu.

Saved in:
Bibliographic Details
Main Author: Orfánus, Dominik
Format: Book Chapter
Language:Slovak
Subjects:
Tags: Add Tag
No Tags, Be the first to tag this record!

MARC

LEADER 00000naa a2200000 4500
001 0197834
005 20231113102641.0
041 0 |a slo 
044 |a SK 
245 1 0 |a Fazuľky, zámky a kvapky  |c Dominik Orfánus 
520 |a Úspech start-upu NanoDesign na Fakulte elektrotechniky a informatiky STU v Bratislave. Variometer v tvare fazuľky. Neúspešná crowdfundingová kampaň na FitLock. Nový produkt - variometer v tvare kvapky. Monitorovanie pohybu. 
610 2 0 |a start-up 
610 2 0 |a podnikanie 
610 2 0 |a elektrotechnika 
610 2 0 |a financie 
610 2 0 |a financovanie 
610 2 0 |a projekty 
610 2 0 |a univerzity 
100 1 |a Orfánus, Dominik